Perspectives on nuclear strategy of India and Pakistan / (Record no. 72411)

MARC details
000 -LEADER
fixed length control field 00965nam a22002657a 4500
005 - DATE AND TIME OF LATEST TRANSACTION
control field 20121221142653.0
008 - FIXED-LENGTH DATA ELEMENTS--GENERAL INFORMATION
fixed length control field 121221t xxu||||| |||| 00| 0 eng d
010 ## - LCCN (DPL NO)
LC control number ENG-106476
020 ## - INTERNATIONAL STANDARD BOOK NUMBER
International Standard Book Number 9788178359632
Terms of availability 950.00
035 ## - SYSTEM CONTROL NUMBER
System control number EN-90009
037 ## - SOURCE OF ACQUISITION
Source of stock number/acquisition DBAD/PUB
040 ## - CATALOGING SOURCE
Original cataloging agency DPL
Language of cataloging ENG
082 ## - DEWEY DECIMAL CLASSIFICATION NUMBER
Classification number 355.0310954095491
100 ## - MAIN ENTRY--PERSONAL NAME
9 (RLIN) 54518
245 ## - TITLE STATEMENT
Title Perspectives on nuclear strategy of India and Pakistan /
Statement of responsibility, etc edited by Mohammed Badrul Alam
260 ## - PUBLICATION, DISTRIBUTION, ETC. (IMPRINT)
Place of publication, distribution, etc Delhi
Name of publisher, distributor, etc Kalpaz Publications
Date of publication, distribution, etc 2013
270 ## - ADDRESS
Address C-30, Satyawati Nagar
City Delhi
Postal code 110052
Telephone number 9212729499
Electronic mail address kalpaz@hotmail.com
300 ## - PHYSICAL DESCRIPTION
Extent 319p.
Dimensions 23cm(Hb)
500 ## - GENERAL NOTE
General note Includes index
650 ## - SUBJECT ADDED ENTRY--TOPICAL TERM
9 (RLIN) 25408
700 ## - ADDED ENTRY--PERSONAL NAME
9 (RLIN) 25409
Personal name Mohammed Badrul Alam
700 ## - ADDED ENTRY--PERSONAL NAME
9 (RLIN) 25410
942 ## - ADDED ENTRY ELEMENTS (KOHA)
Source of classification or shelving scheme Dewey Decimal Classification
Item type English Books
Call number suffix PER
Classification part 355.0310954095491
Holdings
Withdrawn status Lost status Source of classification or shelving scheme Damaged status Not for loan Collection code Home library Current library Date acquired Source of acquisition Cost, normal purchase price Total Checkouts Full call number Barcode Date last seen Copy number Cost, replacement price Koha item type
    Dewey Decimal Classification     Non-fiction D.B.Act.Division D.B.Act.Division 21/12/2012 DBAD/PUB 950.00   355.0310954095491 PER EN-90009 21/12/2012 1 950.00 English Books

© Delhi Public Library
Hit Counter
free hit counter